000 00382nam a22001457a 4500
020 _qPB.
040 _cFIZZA ISHAQ
082 _a372.4
_bVAC
100 _a Vacca , Jo Anne.
_9134247
245 _aReading and Learning to Read /
_cJo Anne Vacca.
250 _a7th ED.
260 _aNew York:
_bPearson,
_c2009.
300 _axxxi , 592 p. ;
_c27.5 x 21.3 x 2.3 cm
942 _2ddc
_cBK
999 _c617226
_d617226